| 000 | 00824nam a2200301 a 4500 | ||
|---|---|---|---|
| 001 | UByD002515 | ||
| 003 | AR-LpoUNG | ||
| 005 | 20240311105315.0 | ||
| 008 | 240311s1991|||| us|||||||||||||||||eng d | ||
| 020 | _a0062715275 | ||
| 040 |
_aAR-LpoUNG _bspa _eaacr |
||
| 041 | _aeng | ||
| 044 | _aus | ||
| 082 | 0 | _aR519.5 832har | |
| 100 | 1 | _aPorkess, Roger | |
| 245 | 1 | 4 | _aThe Harper Collins dictionary of statistics |
| 260 |
_aNew York : _bHarper Collins, _c1991. |
||
| 300 |
_a267 p. : _bgráfs., tbls. |
||
| 505 | 2 | _aIncluye apéndices con: abreviaturas, símbolos y tablas. | |
| 650 | 4 | _aESTADISTICA | |
| 650 | 4 | _aMATEMATICAS ESTADISTICAS | |
| 650 | 4 | _aDICCIONARIOS | |
| 650 | 4 | _aMATERIAL DE REFERENCIA | |
| 650 | 4 | _aTERMINOLOGIA | |
| 700 | 1 |
_aErlich, Eugene _eed. |
|
| 905 | _a5294 | ||
| 942 |
_cLSALA _2ddc |
||
| 999 |
_c65039 _d65039 |
||